| 000 | 01159cam a22003497a 4500 | ||
|---|---|---|---|
| 003 | CHAP | ||
| 005 | 20220329132947.0 | ||
| 008 | 971013s1989 r 00010 d | ||
| 010 | _a682 | ||
| 011 | _a1654 | ||
| 035 | _a830 | ||
| 040 | _cCHAP | ||
| 082 |
_a630.9727 _bG6 |
||
| 100 | 0 | 0 |
_aGonzález, Héctor. _949526 |
| 245 | 1 | 3 |
_aLa investigación en provincia _b: el caso de Oaxaca |
| 260 |
_aOaxaca, Oax. : _bCasa de la Cultura Oaxaqueña, _c1989 |
||
| 300 | _a[116] p. | ||
| 500 | _a37-156 | ||
| 590 |
_aBATCH-UPD _b10 _c20130110 _lUCH01 _h0029 |
||
| 590 |
_aBATCH-UPD _b10 _c20130110 _lUCH01 _h2115 |
||
| 590 |
_aBATCH-UPD _b10 _c20130409 _lUCH01 _h2011 |
||
| 590 |
_aBATCH-UPD _b10 _c20130410 _lUCH01 _h1426 |
||
| 590 |
_aBATCH-UPD _b10 _c20130913 _lUCH01 _h2058 |
||
| 590 |
_aBATCH-UPD _b10 _c20130914 _lUCH01 _h1548 |
||
| 590 |
_aCONVERSION _b10 _c20130109 _lUCH01 _h1302 |
||
| 650 | 1 | 4 |
_aAgricultura _xInvestigación _xDirectorios. _91612 |
| 650 | 1 | 4 |
_aAgricultura _xInvestigacion _xOaxaca. _91653 |
| 650 | 1 | 4 |
_aCiencias sociales _xInvestigación _xOaxaca. _923228 |
| 901 | _aBK | ||
| 942 | _cLIBRO | ||
| 949 |
_a630.9727 G6 _bBC _cC _d33724000568259 _eC _h77004 _i830 _si |
||
| 999 |
_c682 _d682 |
||